000 00381nam a2200157 i 4500
001 bg
100 1 _aKLIMECKI, Z.
245 0 _aJeżdzę samochodem Polski Fiat 126 p /
_cZ. Klimecki, R. Podolak.
250 _aWyd.9 zmien.
260 _aWarszawa,
_c1984.
700 1 _aPODOLAK, R.
040 _cBPK
041 _apol
942 _cKS
008 s pl f |000 0 pol
999 _c2358
_d2358
856 _uhttp://koha.tu.koszalin.pl/cgi-bin/koha/opac-detail.pl?biblionumber=2358
_yKatalog online BPK